Chief Kalaba's Village (Record no. 78207)

MARC details
000 -LEADER
fixed length control field 00961nam a2200205 a 4500
008 - FIXED-LENGTH DATA ELEMENTS--GENERAL INFORMATION
fixed length control field 061026s1964 ||||||||||||||||| || u
050 ## - LIBRARY OF CONGRESS CALL NUMBER
Classification number UNZA-IAS(08)RLP/35
100 ## - MAIN ENTRY--PERSONAL NAME
Personal name Kay, George
245 10 - TITLE STATEMENT
Title Chief Kalaba's Village
Statement of responsibility, etc. by George Kay
246 ## -
-- a preliminary survey of economic life in a Ushi Village, Northern Rhodesia
260 ## - PUBLICATION, DISTRIBUTION, ETC.
Place of publication, distribution, etc. Manchester
Name of publisher, distributor, etc. Manchester University
Date of publication, distribution, etc. 1964
300 ## - PHYSICAL DESCRIPTION
Extent 92p.:ill.
350 ## -
-- 0.00
490 ## -
-- The Rhodes-Livingstone Papers
650 ## - SUBJECT ADDED ENTRY--TOPICAL TERM
Topical term or geographic name entry element VILLAGES--ZAMBIA
650 ## - SUBJECT ADDED ENTRY--TOPICAL TERM
Topical term or geographic name entry element ANTHROPOLOGY
710 ## - ADDED ENTRY--CORPORATE NAME
Corporate name or jurisdiction name as entry element University of Zambia. Institute for African Studies
995 ## -
-- SPECIAL COLLECTIONS
-- 0.00
-- UNZA-IAS(08)RLP/35A
-- CBU-MAIN LIBRARY (Kitwe)
-- 1
-- 0.00
-- UNZA-IAS(08)RLP/35A
-- 35A
-- AVAILABLE
-- Oct 26, 2006
-- Z03001263
-- University Collection
995 ## -
-- SPECIAL COLLECTIONS
-- 0.00
-- UNZA-IAS(08)RLP/35B
-- CBU-MAIN LIBRARY (Kitwe)
-- 1
-- 0.00
-- UNZA-IAS(08)RLP/35B
-- 35B
-- AVAILABLE
-- Oct 26, 2006
-- Z03001264
-- University Collection
999 ## -
-- 78207
-- 78207
Holdings
Withdrawn status Lost status Source of classification or shelving scheme Damaged status Not for loan Permanent Location Current Location Shelving location Date acquired Total Checkouts Full call number Barcode Date last seen Copy number Price effective from Koha item type
          CBU-MAIN LIBRARY, KITWE. CBU-MAIN LIBRARY, KITWE.   05/03/2023   UNZA-IAS(08)RLP/35 Z03001263 05/03/2023 1 05/03/2023 SPECIAL COLLECTION
          CBU-MAIN LIBRARY, KITWE. CBU-MAIN LIBRARY, KITWE.   05/03/2023   UNZA-IAS(08)RLP/35 Z03001264 05/03/2023 2 05/03/2023 SPECIAL COLLECTION